000 00461nmm a2200157Ia 4500
008 251105s9999||||xx |||||||||||||||||und||
020 _a9788415216001
041 _aspa
100 _aLosurdo, Domenico
245 0 _aStalin. Historia y crítica de una leyenda negra
264 _a[Madrid, España] :
_bEl Viejo Topo,
_c2011
300 _a400 páginas
650 _aHistory (General)
856 _uhttps://public.digitaliapublishing.com/a/57874
942 _cCF
999 _c76513
_d76513